000 00861cab a2200265 4500
001 WB3507-26
008 090401t1999 xxu||||| |||| 00| 0 eng d
035 _a(Sirsi) u91338
041 _aeng
245 _aPlan to replace PFI
260 _c1999
350 _a0
490 _aFinancial Times
_v16 February 1999, 8 ; 17 February 1999, 8
490 _aHousing Today
_v25/2/99, 6(2)
520 _aThe Scottish National Party has unveiled plans to replace PFI in Scotland with a Scottish Public Services Trust. The SNP claims that this system would be cheaper than PFI.
650 _aPFI
650 _aPRIVATE FINANCE INITIATIVE
650 _aSCOTLAND
650 _aSCOTTISH NATIONAL PARTY
650 _aSCOTTISH PUBLIC SERVICES TRUST
650 _aSNP
690 _aPROPERTY-PROPERTY FINANCE AND INVESTMENT
942 _n0
948 _c16/02/1999
999 _c57965
_d57965